Rangayana: rangabhumi-nataka-sahitya kuritu vimarsha lekanagalu. (Record no. 105238)

MARC details
000 -LEADER
fixed length control field 00916nam a2200253Ia 4500
003 - CONTROL NUMBER IDENTIFIER
control field OSt
005 - DATE AND TIME OF LATEST TRANSACTION
control field 20250830094300.0
008 - FIXED-LENGTH DATA ELEMENTS--GENERAL INFORMATION
fixed length control field 210210b1995 xxu||||| |||| 00| 0 eng d
040 ## - CATALOGING SOURCE
Transcribing agency AL
041 ## - LANGUAGE CODE
Language code of text/sound track or separate title Kannada
082 ## - DEWEY DECIMAL CLASSIFICATION NUMBER
Classification number K894.209 SIDR
100 ## - MAIN ENTRY--PERSONAL NAME
Personal name SIDDALINGA PATTANASHETTI.
Dates associated with a name ಸಿದ್ದಲಿಂಗ ಪಟ್ಟಣಶೆಟ್ಟಿ
9 (RLIN) 237955
245 ## - TITLE STATEMENT
Title Rangayana: rangabhumi-nataka-sahitya kuritu vimarsha lekanagalu.
Remainder of title ರಂಗಾಯಣ: ರಂಗಭೂಮಿ-ನಾಟಕ-ಸಾಹಿತ್ಯ ಕುರಿತು ವಿಮರ್ಶಾ ಲೇಖನಗಳು.
260 ## - PUBLICATION, DISTRIBUTION, ETC.
Place of publication, distribution, etc. Dharavada.
Name of publisher, distributor, etc. Ananya Prakashana
Date of publication, distribution, etc. 1995
300 ## - PHYSICAL DESCRIPTION
Extent 156
650 ## - SUBJECT ADDED ENTRY--TOPICAL TERM
Topical term or geographic name entry element vimarsha
9 (RLIN) 237956
650 ## - SUBJECT ADDED ENTRY--TOPICAL TERM
Topical term or geographic name entry element Rangayana:
9 (RLIN) 237957
650 ## - SUBJECT ADDED ENTRY--TOPICAL TERM
Topical term or geographic name entry element rangabhumi-nataka-sahitya
9 (RLIN) 237958
650 ## - SUBJECT ADDED ENTRY--TOPICAL TERM
Topical term or geographic name entry element lekanagalu.
9 (RLIN) 237959
650 ## - SUBJECT ADDED ENTRY--TOPICAL TERM
Topical term or geographic name entry element kuritu
9 (RLIN) 237960
690 ## - LOCAL SUBJECT ADDED ENTRY--TOPICAL TERM (OCLC, RLIN)
Topical term or geographic name as entry element Kannada Drama Criticism
9 (RLIN) 237961
906 ## - LOCAL DATA ELEMENT F, LDF (RLIN)
a 058104
942 ## - ADDED ENTRY ELEMENTS (KOHA)
Source of classification or shelving scheme Dewey Decimal Classification
Koha item type Book
Holdings
Withdrawn status Lost status Source of classification or shelving scheme Damaged status Not for loan Collection code Home library Current library Shelving location Date acquired Source of acquisition Cost, normal purchase price Total Checkouts Full call number Barcode Date last seen Price effective from Koha item type
    Dewey Decimal Classification     Kannada St Aloysius Library St Aloysius Library   02/17/2021 Ananya Prakashana, Dharavada. 50.00   K894.209 SIDR 058104 02/17/2021 02/17/2021 Book